| 000 | 00756nam a22002537a 4500 | ||
|---|---|---|---|
| 003 | BUBTL | ||
| 008 | 140126b xxu||||| |||| 00| 0 eng d | ||
| 020 | _a984-07-9457-9 | ||
| 024 | _cAvailable | ||
| 037 | _cAvailable | ||
| 040 |
_aBUBT Library _dBUBT Library |
||
| 082 |
_220 _a491.44321 ALB |
||
| 100 |
_aMoniruzzaman, Mohammad _9921 |
||
| 245 |
_aBangla Academy Bengali English Dictionary _cBangla Academy |
||
| 260 |
_aDhaka _bBangla Academy _c1994 |
||
| 300 |
_a[14], 878p. _bhard _g23 cm. |
||
| 610 | 0 |
_9922 _aBangla Academy |
|
| 650 | 0 |
_9923 _aBengali - English |
|
| 856 |
_k0 _l0 _yDownload |
||
| 270 |
_aBnagla Academy _bDhaka _dBnagladesh |
||
| 365 |
_b230.00 _d230.00 |
||
| 942 |
_2ddc _cBK |
||
| 999 |
_c927 _d927 |
||